[Event "Wuertemberg-ch U16"]
[Site "Germany"]
[Date "2004.04.16"]
[Round "6"]
[White "Reuss, Tobias"]
[Black "Skorzinski, Frederik"]
[Result "1/2-1/2"]
[WhiteElo "1197"]
[BlackElo "1520"]
[PlyCount "97"]
[EventDate "2004.04.??"]
[EventType "swiss"]
[EventRounds "7"]
[EventCountry "GER"]
[SourceTitle "EXT 2005"]
[Source "ChessBase"]
[SourceDate "2004.11.15"]
[SourceVersion "1"]
[SourceVersionDate "2004.11.15"]
[SourceQuality "1"]

1. e4 c5 2. Nc3 Nc6 3. Bc4 e6 4. Nf3 g6 5. d3 Bg7 6. 0-0 Nge7 7. Bf4 e5 8. Bg5 f6 9. Be3 d6 10. Nd5 a6 11. Nxe7 Nxe7 12. a3 Nc6 13. Re1 Qe7 14. c3 Be6 15. Qb3 Bxc4 16. Qxc4 Qf7 17. Qxf7+ Kxf7 18. Rad1 Rad8 19. d4 b6 20. d5 Na5 21. b4 Nc4 22. Nd2 Nxa3 23. Rc1 f5 24. Bg5 Bf6 25. Bxf6 Kxf6 26. exf5 gxf5 27. Re3 Rc8 28. Rh3 h5 29. bxc5 Rxc5 30. c4 Nxc4 31. Rxc4 Rxd5 32. Nf1 Rc5 33. Ra4 a5 34. Rb3 Rb8 35. h3 Ke6 36. Ne3 d5 37. g4 hxg4 38. hxg4 fxg4 39. Nxg4 Rc4 40. Rxc4 dxc4 41. Re3 Kd5 42. Nxe5 b5 43. Re1 Re8 44. f4 b4 45. Ra1 Ra8 46. Nd7 Ke4 47. Nb6 Rg8+ 48. Kf2 Kxf4 49. Nxc4 1/2-1/2

[Event "Wuertemberg-ch U16"]
[Site "Germany"]
[Date "2004.04.14"]
[Round "4"]
[White "Kull, Sebastian"]
[Black "Skorzinski, Frederik"]
[Result "1/2-1/2"]
[WhiteElo "1463"]
[BlackElo "1520"]
[PlyCount "82"]
[EventDate "2004.04.??"]
[EventType "swiss"]
[EventRounds "7"]
[EventCountry "GER"]
[SourceTitle "EXT 2005"]
[Source "ChessBase"]
[SourceDate "2004.11.15"]
[SourceVersion "1"]
[SourceVersionDate "2004.11.15"]
[SourceQuality "1"]

1. e4 d5 2. exd5 Qxd5 3. Nc3 Qa5 4. Nf3 Bg4 5. Be2 Nf6 6. 0-0 e6 7. d3 Bd6 8. Re1 Nc6 9. a3 0-0-0 10. Ng5 Bxe2 11. Rxe2 Rd7 12. Nce4 Nxe4 13. Rxe4 Qf5 14. Qg4 Qxg4 15. Rxg4 f5 16. Rc4 h6 17. Nf3 g5 18. b3 Ne5 19. Nxe5 Bxe5 20. Ra2 Bd6 21. a4 Kb8 22. Ba3 e5 23. Bxd6 cxd6 24. a5 d5 25. Rc5 Rc8 26. Rxc8+ Kxc8 27. f3 Rc7 28. c4 dxc4 29. bxc4 Kd7 30. Kf2 Kd6 31. Ke3 Ke6 32. g4 f4+ 33. Kd2 Kd6 34. Kc3 Kc5 35. Rb2 b6 36. a6 Rc8 37. Rb5+ Kd6 38. Rd5+ Ke6 39. Kb4 Rc7 40. Kb5 h5 41. h3 h4 1/2-1/2

[Event "Wuertemberg-ch U16"]
[Site "Germany"]
[Date "2004.04.13"]
[Round "1"]
[White "Skorzinski, Frederik"]
[Black "Hirneise, Tobias"]
[Result "0-1"]
[WhiteElo "1520"]
[BlackElo "1838"]
[PlyCount "68"]
[EventDate "2004.04.??"]
[EventType "swiss"]
[EventRounds "7"]
[EventCountry "GER"]
[SourceTitle "EXT 2005"]
[Source "ChessBase"]
[SourceDate "2004.11.15"]
[SourceVersion "1"]
[SourceVersionDate "2004.11.15"]
[SourceQuality "1"]

1. d4 Nf6 2. Nf3 g6 3. Bf4 Bg7 4. e3 0-0 5. Bd3 d6 6. h3 Nc6 7. Nbd2 Qe8 8. Ne4 e5 9. Nxf6+ Bxf6 10. dxe5 dxe5 11. Bg5 Bxg5 12. Nxg5 h6 13. Ne4 f5 14. Nc3 Be6 15. e4 Rd8 16. Qc1 f4 17. f3 Nd4 18. Ne2 c5 19. b3 b5 20. Nxd4 Rxd4 21. Qa3 c4 22. Be2 Qc6 23. c3 Rd7 24. bxc4 Bxc4 25. Bxc4+ bxc4 26. Rd1 Rxd1+ 27. Kxd1 Rd8+ 28. Ke2 Qb6 29. Qc1 Qa5 30. Qc2 Rd3 31. Rc1 Qc5 32. Kf1 Kf7 33. Rd1 Qe3 34. Rc1 Rd2 0-1

[Event "Wuerttemberg-ch U16"]
[Site "Stuttgart"]
[Date "2003.04.26"]
[Round "7"]
[White "Skorzinski, Frederik"]
[Black "Buschle, Benedikt"]
[Result "1/2-1/2"]
[WhiteElo "1482"]
[BlackElo "1774"]
[PlyCount "73"]
[EventDate "2003.04.??"]
[EventType "swiss"]
[EventRounds "7"]
[EventCountry "GER"]
[SourceTitle "EXT 2005"]
[Source "ChessBase"]
[SourceDate "2004.11.15"]
[SourceVersion "1"]
[SourceVersionDate "2004.11.15"]
[SourceQuality "1"]

1. e4 g6 2. d4 Bg7 3. Nf3 d6 4. Nc3 Nf6 5. Be3 0-0 6. Bc4 Nxe4 7. Nxe4 d5 8. Bxd5 Qxd5 9. Nc3 Qa5 10. Qd2 c6 11. Bh6 Nd7 12. Bxg7 Kxg7 13. 0-0 Nf6 14. Ne4 Qf5 15. Nxf6 Qxf6 16. Qg5 Qxg5 17. Nxg5 Bf5 18. c3 Rfd8 19. Rfe1 h6 20. Nf3 Be6 21. a3 Rac8 22. Re3 Rc7 23. Rae1 Kf8 24. Ne5 Kg7 25. h3 c5 26. Nf3 Kf8 27. dxc5 Rxc5 28. Nd4 Rd6 29. Rxe6 fxe6 30. Nxe6+ Rxe6 31. Rxe6 Kf7 32. Re4 Rd5 33. Rb4 b5 34. Kf1 a5 35. Rd4 Re5 36. f4 Rc5 37. Ke2 1/2-1/2

[Event "Wuerttemberg-ch U16"]
[Site "Stuttgart"]
[Date "2003.04.25"]
[Round "6"]
[White "Witte, Stefan"]
[Black "Skorzinski, Frederik"]
[Result "1/2-1/2"]
[WhiteElo "1607"]
[BlackElo "1482"]
[PlyCount "48"]
[EventDate "2003.04.??"]
[EventType "swiss"]
[EventRounds "7"]
[EventCountry "GER"]
[SourceTitle "EXT 2005"]
[Source "ChessBase"]
[SourceDate "2004.11.15"]
[SourceVersion "1"]
[SourceVersionDate "2004.11.15"]
[SourceQuality "1"]

1. d4 Nf6 2. c4 g6 3. Nc3 Bg7 4. e4 d6 5. Nf3 0-0 6. Be2 e5 7. 0-0 Nc6 8. d5 Ne7 9. b4 Nh5 10. Re1 f5 11. Ng5 Nf6 12. c5 fxe4 13. Ngxe4 Bf5 14. Bc4 Kh8 15. Ba3 Nxe4 16. Nxe4 Bxe4 17. Rxe4 Nf5 18. Bb2 Rf7 19. Qg4 Qf8 20. c6 b6 21. Rf1 Kg8 22. f4 exf4 23. Bxg7 Qxg7 24. Qxf4 Raf8 1/2-1/2

[Event "Wuerttemberg-ch U16"]
[Site "Stuttgart"]
[Date "2003.04.24"]
[Round "4"]
[White "Skorzinski, Frederik"]
[Black "Jacobi, Simon"]
[Result "1/2-1/2"]
[WhiteElo "1482"]
[BlackElo "1502"]
[PlyCount "71"]
[EventDate "2003.04.??"]
[EventType "swiss"]
[EventRounds "7"]
[EventCountry "GER"]
[SourceTitle "EXT 2005"]
[Source "ChessBase"]
[SourceDate "2004.11.15"]
[SourceVersion "1"]
[SourceVersionDate "2004.11.15"]
[SourceQuality "1"]

1. e4 Nf6 2. e5 Nd5 3. c4 Nb6 4. d4 d6 5. exd6 cxd6 6. Nf3 Bg4 7. Nc3 Nc6 8. Be3 e6 9. b3 Be7 10. Be2 0-0 11. h3 Bh5 12. 0-0 d5 13. c5 Nd7 14. a3 a6 15. b4 f5 16. Nh2 Bxe2 17. Nxe2 g5 18. f4 h6 19. Ng3 Kh7 20. Nf3 Rg8 21. fxg5 hxg5 22. Nxg5+ Rxg5 23. Bxg5 Bxg5 24. Re1 Qg8 25. Qh5+ Bh6 26. Nxf5 exf5 27. Qxf5+ Kh8 28. Qxd7 Nxd4 29. Qd6 Bg7 30. Qg6 Nf3+ 31. Kh1 Nxe1 32. Rxe1 d4 33. Qh5+ Qh7 34. Re8+ Rxe8 35. Qxe8+ Qg8 36. Qh5+ 1/2-1/2

[Event "GER-chT U16"]
[Site "Burg Stargard"]
[Date "2002.12.29"]
[Round "6.2"]
[White "Skorzinski, Frederik"]
[Black "Meier, Lennart"]
[Result "0-1"]
[WhiteElo "1524"]
[BlackElo "1600"]
[PlyCount "126"]
[EventDate "2002.12.27"]
[EventType "team"]
[EventRounds "7"]
[EventCountry "GER"]
[SourceTitle "CBM 092 Extra"]
[Source "ChessBase"]
[SourceDate "2003.03.07"]
[SourceVersion "1"]
[SourceVersionDate "2003.03.07"]
[SourceQuality "1"]

1. e4 e6 2. d4 d5 3. e5 c5 4. c3 Nc6 5. Nf3 Qb6 6. Bd3 Bd7 7. 0-0 cxd4 8. cxd4 Nxd4 9. Nxd4 Qxd4 10. Re1 Ne7 11. Nc3 a6 12. Re3 Ng6 13. Ne2 Qb6 14. b3 Bc5 15. Rf3 Nxe5 16. Rf4 g5 17. Rf6 h6 18. Bb2 Ng4 19. Qe1 Nxf6 20. Bxf6 Rf8 21. Bh7 e5 22. Bg7 f5 23. Bxf8 Kxf8 24. Ng3 Qf6 25. Rc1 Rc8 26. b4 Bd6 27. Rxc8+ Bxc8 28. Qb1 e4 29. Qb3 Qf7 30. Qc3 Be6 31. Qh8+ Ke7 32. Qa8 Qxh7 33. Qxb7+ Bd7 34. Qxd5 Qf7 35. Qd2 Qc4 36. a3 Qd3 37. Qc1 f4 38. Nf1 Bb5 39. g3 Qxf1+ 40. Qxf1 Bxf1 41. Kxf1 Ke6 42. Ke2 Kd5 43. f3 fxg3 44. fxe4+ Kxe4 45. hxg3 Bxg3 46. a4 Kd4 47. b5 axb5 48. axb5 Kc5 49. Kf3 Bf4 50. Kg4 Kxb5 51. Kh3 Kc5 52. Kg4 Kd5 53. Kh5 Ke4 54. Kg4 h5+ 55. Kh3 g4+ 56. Kg2 h4 57. Kf2 Be3+ 58. Kg2 Kf4 59. Kh1 h3 60. Kh2 g3+ 61. Kxh3 Kf3 62. Kh4 g2 63. Kh5 g1Q 0-1

[Event "GER-chT U16"]
[Site "Burg Stargard"]
[Date "2002.12.28"]
[Round "3.2"]
[White "Skorzinski, Frederik"]
[Black "Spandel, Michael"]
[Result "0-1"]
[WhiteElo "1524"]
[BlackElo "1520"]
[PlyCount "112"]
[EventDate "2002.12.27"]
[EventType "team"]
[EventRounds "7"]
[EventCountry "GER"]
[SourceTitle "CBM 092 Extra"]
[Source "ChessBase"]
[SourceDate "2003.03.07"]
[SourceVersion "1"]
[SourceVersionDate "2003.03.07"]
[SourceQuality "1"]

1. e4 e6 2. d4 d5 3. e5 c5 4. Nf3 cxd4 5. Nxd4 Nc6 6. Nf3 Bc5 7. Bd3 Nge7 8. b3 Qb6 9. 0-0 Bd7 10. Bb2 Ng6 11. Nc3 Qc7 12. Re1 a6 13. Qd2 Be7 14. Rad1 0-0-0 15. Qe3 Kb8 16. Na4 Nb4 17. Nc3 Nxd3 18. cxd3 Bb4 19. d4 Rc8 20. Rc1 Qa5 21. a4 Rc7 22. Re2 Rhc8 23. Rec2 f6 24. h3 f5 25. Ne1 h6 26. Qd2 Nf8 27. Nd3 Be7 28. Ne2 Qxd2 29. Rxd2 g5 30. Rdd1 Be8 31. Rxc7 Rxc7 32. Rc1 b5 33. Rxc7 Kxc7 34. a5 b4 35. Nec1 Bb5 36. f3 Kc6 37. Kf2 Bxd3 38. Nxd3 Kb5 39. Bc1 Kxa5 40. Nb2 Kb5 41. f4 a5 42. fxg5 hxg5 43. g3 Nd7 44. Ke2 Nb6 45. Kd1 a4 46. Kc2 axb3+ 47. Kxb3 Nc4 48. Nd3 Na5+ 49. Kb2 Kc4 50. Bxg5 Bxg5 51. Nc5 Be3 52. Nxe6 Bxd4+ 53. Nxd4 Kxd4 54. e6 Nc6 55. h4 Ke5 56. h5 Kxe6 0-1

[Event "Wuerttemberg-ch U14"]
[Site "Lindau"]
[Date "2002.04.03"]
[Round "2"]
[White "Skorzinski, Frederik"]
[Black "Klaiber, Markus"]
[Result "1/2-1/2"]
[WhiteElo "1458"]
[BlackElo "1536"]
[PlyCount "89"]
[EventDate "2002.04.??"]
[EventType "swiss"]
[EventRounds "7"]
[EventCountry "GER"]
[SourceTitle "EXT 2003"]
[Source "ChessBase"]
[SourceDate "2002.11.25"]
[SourceVersion "1"]
[SourceVersionDate "2002.11.25"]
[SourceQuality "1"]

1. e4 e6 2. d4 d5 3. exd5 exd5 4. Qe2+ Qe7 5. Qxe7+ Bxe7 6. Bb5+ Bd7 7. Bxd7+ Nxd7 8. Nf3 Ngf6 9. Bg5 0-0 10. Bxf6 Bxf6 11. Nc3 c6 12. 0-0 Rae8 13. Rfe1 Rxe1+ 14. Rxe1 g6 15. Ne5 Nxe5 16. dxe5 Re8 17. f4 Bg7 18. Kf2 f6 19. exf6 Rxe1 20. Kxe1 Bxf6 21. Kd2 Bxc3+ 22. Kxc3 Kf7 23. Kd4 Ke6 24. Kc5 Kd7 25. g4 b6+ 26. Kd4 Kd6 27. c4 dxc4 28. Kxc4 a5 29. a3 h6 30. h4 h5 31. gxh5 gxh5 32. b4 axb4 33. axb4 c5 34. bxc5+ bxc5 35. f5 Ke5 36. Kxc5 Kxf5 37. Kd4 Kg4 38. Ke4 Kxh4 39. Kf4 Kh3 40. Kf3 h4 41. Kf2 Kh2 42. Kf3 h3 43. Kf2 Kh1 44. Kg3 h2 45. Kf2 1/2-1/2